Bűbájosok ; Fél nap Creuse-ben [vers] /

Elmentve itt :
Bibliográfiai részletek
Szerző: Char René
További közreműködők: Józan Ildikó
Dokumentumtípus: Cikk
Megjelent: 1991
Sorozat:Hétvilág
Kulcsszavak:Francia irodalom - vers
Tárgyszavak:
Online Access:http://acta.bibl.u-szeged.hu/8290
LEADER 00681nab a2200217 i 4500
001 acta8290
005 20250617150923.0
008 161015s1991 hu o 000 hun d
022 |a 0866-0980 
040 |a SZTE Egyetemi Kiadványok Repozitórium  |b hun 
041 |a hun 
100 1 |a Char René 
245 1 0 |a Bűbájosok ; Fél nap Creuse-ben   |h [elektronikus dokumentum] :  |b [vers] /  |c  Char René 
260 |c 1991 
300 |a 12-14 
490 0 |a Hétvilág 
650 4 |a Bölcsészettudományok 
650 4 |a Nyelvek és irodalom 
695 |a Francia irodalom - vers 
700 0 1 |a Józan Ildikó 
856 4 0 |u http://acta.bibl.u-szeged.hu/8290/1/hetvilag_3_012-014.pdf  |z Dokumentum-elérés